000
00332nam a2200145Ia 4500
008
230718s9999 xx 000 0 und d
041
_a
Eng.
082
_a
340
_b
SAC-P
100
_a
Saced, Malik m (ed)
245
0
_a
P. L.D (1982)
260
_a
Pakistan
_b
All Parcistan (fal
_c
1982
300
_a
838
650
_a
Law
999
_c
27010
_d
27010